01088cam a2200265 a 4500952015900000999001700159001000900176003000400185005001700189008004100206010001700247020001800264040001800282050002400300082002200324100002700346245006400373260005900437300003400496500013400530504005100664650002000715906004500735942004200780 00102ddc40708PHYSICSaMESbMEScPHYd2021-09-25e34g576.37l3m5o530.12 TOW/Mp41229r2023-09-11 14:04:03s2023-09-04v795.00w2021-09-25yBKzG11R4 c41133d4113311852248OSt20210705115830.0991130r20001992caua b 001 0 eng  a 99058197  a9788130913148 aDLCcDLCdDLC00aQC174.12b.T69 200000a530.12221bTOW/M aTownsend, John S9443412aA modern approach to quantum mechanics /cJohn S. Townsend. aSausalito, Calif. :bUniversity Science Books,cc2000. axiv, 476 p. :bill. ;c24 cm. aOriginally published: New York : McGraw-Hill, c1992, in series: International series in pure and applied physics. With new pref. aIncludes bibliographical references and index. 0aQuantum theory. a7bcbccorignewd1eocipf19gy-gencatlg 2ddccBKh530.12iTOW/Mk530.12mTOW/M